Efecto de variar el numero de  labes en la turbina Banki
Đã lưu trong:
| Tác giả chính: | |
|---|---|
| Định dạng: | Luận văn Sách |
| Ngôn ngữ: | Undetermined |
| Được phát hành: |
1984
|
| Những chủ đề: | |
| Các nhãn: |
Thêm thẻ
Không có thẻ, Là người đầu tiên thẻ bản ghi này!
|
MARC
| LEADER | 00000nam a2200000Ia 4500 | ||
|---|---|---|---|
| 001 | 2707 | ||
| 008 | 140114s9999 xx 000 0 und d | ||
| 100 | |a Bonilla Bonilla, Hugo Edgardo | ||
| 245 | |a Efecto de variar el numero de  labes en la turbina Banki | ||
| 260 | |c 1984 | ||
| 500 | |a NULL | ||
| 502 | |a Escuela de ingenieria Mecanica | ||
| 650 | |z TURBINA BANKI | ||
| 999 | |c 11628 |d 11628 | ||
